LEADER 00975nam a2200253 i 4500 001 000000136915 003 CaOOAMICUS 005 20050404000000.0 008 050404s1997 it u000 u ita u 013 $a110652 020 $a88-06-14768-4 040 $aSeMil$bita 100 1 $aRomano, Lalla,$d<1906-2001>.$0(OLS)http://semarc/name/8433 245 10$aIn vacanza col buon samaritano /$cLalla Romano. 260 $aTorino :$bEinaudi,$ccopyr. 1997. 300 $a96 p. ;$c22 cm. 500 $aIn mezzo al front. : Dedica autografa al Card. C.M. Martini. - Fondo Card. C.M. Martini. 850 $aSeMil 852 $aSeMil$W1$xVenegono$y1$m1O V 18$j90489$B90489$CSeMilBibl$Z2$F95327 $81 941 1 $a4 961 $aOmaggio: Martini Card. Carlo Maria 996 $6020$a88-06-14768-4$9(OLS)http://semarc/number/124524 996 $6245$aIn vacanza col buon samaritano$9(OLS)http://semarc/title/200050 996 $6260$aTorino :$bEinaudi$9(OLS)http://semarc/publisher/29884 LEADER 01280nam a2200289 i 4500 001 000000058731 003 CaOOAMICUS 005 20240418100832.0 008 130912s1972 it u000 u ita u 013 $a29903 040 $aSeMil$bita 100 1 $aBoros, Ladislaus <1927->.$0(OLS)http://semarc/name/17490 240 10$aMysterium mortis : der Mensch in der letzten Entscheidung.$0(OLS)http://semarc/title/91603 245 10$aMysterium mortis :$bl'uomo nella decisione ultima /$cLadislaus Boros ; Editoriale e traduzione dal tedesco di Giuseppe Ruggeri. 250 $a2. ed. 260 $aBrescia :$bQueriniana,$c1972 (copyr. 1969) 300 $a245 p. ;$c20 cm. 490 0 $aGiornale di teologia ;$v37 650 4$aMorte.$0(OLS)http://semarc/subject/6140 650 4$aMorte - Teologia.$0(OLS)http://semarc/subject/3152 700 1 $aRuggeri, Giuseppe.$0(OLS)http://semarc/name/2740 830 0$aGiornale di teologia ;$v37.$0(OLS)http://semarc/title/419620 850 $aSeMil 852 $aSeMil$W1$xVenegono$y1$m2XA G 37$j24884$B24884$CSeMilBibl$Z2$F24887 $81 996 $6245$aMysterium mortis :$bl'uomo nella decisione ultima$9(OLS)http://semarc/title/91602 996 $6260$aBrescia :$bQueriniana$9(OLS)http://semarc/publisher/29615